| 000 | 01671cam a22004093a 4500 | ||
|---|---|---|---|
| 001 | 15686032 | ||
| 003 | SISC | ||
| 005 | 20160601102841.0 | ||
| 008 | 080409r20081962nyu b 000 0 eng d | ||
| 010 | _a 2009415452 | ||
| 020 | _a9780451531049 (pbk.) | ||
| 035 | _a(OCoLC)ocn223806827 | ||
| 035 | _a(OCoLC)223806827 | ||
| 040 |
_aBTCTA _cBTCTA _dBAKER _dOEI _dDAD _dDLC |
||
| 041 | 1 |
_aeng _hrus |
|
| 042 | _alccopycat | ||
| 050 | 0 | 0 |
_aPN 1997 .O44 _bH3 2008 |
| 100 | 1 |
_aSolzhenit︠s︡yn, Aleksandr Isaevich, _d1918-2008. |
|
| 240 | 1 | 0 |
_aOdin denʹ Ivana Denisovicha. _lEnglish |
| 245 | 1 | 0 |
_aOne day in the life of Ivan Denisovich / _cAlexander Solzhenitsyn ; translated from the Russian by Ralph Parker ; with an introduction by Yevgeny Yevtushenko ; a foreword by Alexander Tvardovsky ; and a new afterword by Eric Bogosian.. |
| 260 |
_aNew York : _bSignet Classics, _c2008. |
||
| 300 |
_axx, 151 p. ; _c18 cm. |
||
| 500 | _aOriginally published in Novy mir, Nov. 1962. First Signet Classics printing, January 1963. | ||
| 504 | _aIncludes bibliographical references (p. 149-151). | ||
| 546 | _aTranslated from the Russian. | ||
| 650 | 0 |
_aForced labor _zSoviet Union _vFiction. |
|
| 650 | 0 | _aCommunism in literature. | |
| 650 | 0 |
_aPrisons _zSoviet Union _vFiction. |
|
| 650 | 0 |
_aConcentration camps _zSoviet Union _vFiction. |
|
| 651 | 0 |
_aSoviet Union _vFiction. |
|
| 700 | 1 |
_aYevtushenko, Yevgeny Aleksandrovich, _d1933- |
|
| 700 | 1 | _aBogosian, Eric. | |
| 710 | 2 |
_aCopyright Paperback Collection (Library of Congress) _5DLC |
|
| 906 |
_a0 _bibc _ccopycat _d2 _encip _f20 _gy-genrareb |
||
| 942 |
_2lcc _cBK |
||
| 999 |
_c294963 _d294963 |
||